Statistiques concernant Personnage Naruto

Cliquez ici pour prendre le quiz!

Statistiques générales

  • Ce quiz a été pris 53 fois
    (46 depuis la dernière actualisation)
  • Le résultat moyen est 94 sur 189

Statistiques - réponses

Personnage% Correct
1Uzumaki Naruto
100%
3Haruno Sakura
97%
4Hatake Kakashi
97%
36Tsunade
97%
2Uchiwa Sasuke
97%
117A (3eme et 4eme Raikage)
95%
9Akimichi Choji
95%
123C
95%
12Hyuga Hinata
95%
13Inuzuka Kiba
95%
33Namikaze Minato
95%
10Nara Shikamaru
95%
51Uchiwa Itachi
95%
188Uchiwa Obito
95%
8Yamanaka Ino
95%
60Deidara
92%
65Hoshigake Kisame
92%
126Killer B
92%
16Maito Gai
92%
34Orochimaru
92%
30Senju Hashirama
92%
31Senju Tobirama
92%
19Tenten
92%
15Aburame Shino
89%
40Gaara
89%
17Hyuga Neji
89%
54Nagato
89%
18Rock Lee
89%
32Sarutobi Hiruzen
89%
41Temari
89%
125Blue B
86%
55Konan
86%
64Pain
86%
7Sarutobi Asuma
86%
53Sasori
86%
6Yamato
86%
37Dan
84%
11Kurenai
84%
5Sai
84%
14Akamaru
81%
61Hidan
81%
42Kankuro
81%
134Kin
81%
63Kakuzu
78%
28Kurama
78%
52Zetsu
78%
81 | 176Fu
76%
189Nohara Rin
76%
162Uzumaki Kushina
76%
56Yahiko
76%
78Yakushi Kabuto
76%
158Han
73%
132Hozuki Suigetsu
73%
131Karin
73%
74Momochi Zabuza
73%
44Uchiwa Shisui
73%
75Haku
70%
130Jugo
70%
79Shimura Danzo
70%
39Baki
65%
177Otsutsuki Kaguya
65%
43Uchiwa Madara
65%
86Yamanaka Inoichi
65%
118Darui
62%
35Jiraiya
62%
20Shukaku
62%
23Son Goku
62%
110Terumi Mei
62%
46Uchiwa Fugaku
62%
148Chiyo
59%
167Gamabunta
59%
136Kimimaro
59%
89Akimichi Choza
57%
168Gamakichi
57%
76Iruka
57%
83Nara Shikaku
57%
82Shizune
57%
115Utakata
57%
27Gyuki
54%
137Jirobo
54%
155Onoki
54%
181Otsutsuki Indra
54%
174Hanzo
51%
87Hyuga Hizashi
51%
120Omoi
51%
139Tayuya
51%
112Ao
49%
88Hyuga Hiashi
49%
119Karui
49%
138Kidomaru
49%
21Matatabi
49%
173Pakkun
49%
140Sakon
49%
141Ukon
49%
109Yagura
49%
26Chomei
46%
95Inuzuka Hana
46%
24Kokuo
46%
127Nii Yugito
46%
66 | 111Chojuro
43%
85Hatake Sakumo
43%
102Hyuga Hanabi
43%
22Isobu
43%
91Morino Ibiki
43%
179Rikudo
43%
84Aburame Shibi
41%
98Anko
41%
92Gekko Hayate
41%
93Genma
41%
38Nawaki
41%
178Otsutsuki Asura
41%
157Roshi
41%
25Saiken
41%
121Samui
41%
156Kurotsuchi
38%
154Mu
38%
47Uchiwa Izuna
38%
49Uchiwa Mikoto
38%
163Uzumaki Mito
38%
80Aburame Torune
35%
159Akatsuchi
35%
184Fuka
35%
147Rasa
35%
108Hozuki Gengetsu
32%
70Hozuki Mangetsu
32%
59Kie
32%
97Aoba
30%
170Gamatatsu
30%
29Jubi
30%
164Mifune
30%
71Ringo Ameyuri
30%
45Uchiwa Izumi
30%
171Katsuyu
27%
172Manda
27%
180Otsutsuki Hamura
27%
106Ayame
24%
62Biwa Juzo
24%
166Fukasaku
24%
73Munachi Jinpachi
24%
48Uchiwa Kagami
24%
133Dosu
22%
103Homura
22%
104Koharu
22%
99Kotetsu
22%
67Kurosuki Raiga
22%
77Mizuki
22%
105Teuchi
22%
69Akebino Jinin
19%
107Byakuren
19%
149Ebizo
19%
142Guren
19%
94Inuzuka Tsume
19%
187Mabui
19%
135Zaku
19%
68Kuriarare Kushimaru
16%
96Sora
16%
72Suikazan Fuguki
16%
165Enma
14%
129Gato
14%
116Ranmaru
14%
150Yashamaru
14%
169Gamamaru
11%
160Kitsuchi
11%
90Raido
11%
146Shamon
11%
50Uchiwa Tajima
11%
122Atsui
8%
128Inari
8%
153Ishikawa
8%
151Matsuri
8%
145Reto
8%
143Yukimaru
8%
113Chukichi
5%
101Iwashi
5%
57Kyusuke
5%
152Yura
5%
182Bunpuku
3%
58Daibutsu
3%
124Dodai
3%
185Fudo
3%
186Fuen
3%
100Hizumo
3%
175Oboro
3%
161Uzumaki Ashina
3%
183Furido
0%
144Kigiri
0%
114Tsurugi
0%

Distribution des résultats

Percentile par nombre de réponses

% des personnes avec chaque résultat

Votre développement - résultats

Vous n’avez pas pris ce quiz depuis la dernière actualisation